I capture the castle (Record no. 273389)
[ view plain ]
| 000 -LEADER | |
|---|---|
| fixed length control field | 03801ngm a2200853Ia 4500 |
| 001 - CONTROL NUMBER | |
| control field | ocm53310555 |
| 003 - CONTROL NUMBER IDENTIFIER | |
| control field | OCoLC |
| 005 - DATE AND TIME OF LATEST TRANSACTION | |
| control field | 20200320184440.0 |
| 007 - PHYSICAL DESCRIPTION FIXED FIELD--GENERAL INFORMATION | |
| fixed length control field | vd cvaizq |
| 008 - FIXED-LENGTH DATA ELEMENTS--GENERAL INFORMATION | |
| fixed length control field | 031029s2003 cau113 e vleng d |
| 020 ## - INTERNATIONAL STANDARD BOOK NUMBER | |
| International Standard Book Number | 1404946047 |
| 020 ## - INTERNATIONAL STANDARD BOOK NUMBER | |
| International Standard Book Number | 9781404946040 |
| 020 ## - INTERNATIONAL STANDARD BOOK NUMBER | |
| Terms of availability | 15.95 |
| 024 10 - OTHER STANDARD IDENTIFIER | |
| Standard number or code | 043396025943 |
| 024 10 - OTHER STANDARD IDENTIFIER | |
| Standard number or code | 043396025950 |
| 028 42 - PUBLISHER NUMBER | |
| Publisher number | 02594 |
| Source | Columbia TriStar Home Entertainment |
| 028 42 - PUBLISHER NUMBER | |
| Publisher number | 02595 |
| Source | Columbia TriStar Home Entertainment |
| 029 1# - (OCLC) | |
| OCLC library identifier | AU@ |
| System control number | 000025432368 |
| 035 ## - SYSTEM CONTROL NUMBER | |
| System control number | (OCoLC)53310555 |
| 037 ## - SOURCE OF ACQUISITION | |
| Source of stock number/acquisition | Midwest Tapes |
| Note | http://www.midwesttapes.com |
| 040 ## - CATALOGING SOURCE | |
| Original cataloging agency | TEFMT |
| Transcribing agency | TEFMT |
| Modifying agency | RLS |
| -- | OCLCQ |
| -- | RCS |
| -- | TEF |
| -- | JED |
| -- | OCL |
| -- | OCLCA |
| -- | BTCTA |
| -- | OCLCQ |
| -- | KNV |
| -- | OCLCA |
| -- | OCLCQ |
| -- | P@N |
| -- | WACOL |
| 043 ## - GEOGRAPHIC AREA CODE | |
| Geographic area code | e-uk-en |
| 044 ## - COUNTRY OF PUBLISHING/PRODUCING ENTITY CODE | |
| MARC country code | cau |
| -- | xxk |
| 049 ## - LOCAL HOLDINGS (OCLC) | |
| Holding library | WACL |
| 050 #4 - LIBRARY OF CONGRESS CALL NUMBER | |
| Classification number | PN1997.2 |
| Item number | .I2370 2003 |
| 082 04 - DEWEY DECIMAL CLASSIFICATION NUMBER | |
| Classification number | 791.43/72 |
| Edition number | 22 |
| 092 ## - LOCALLY ASSIGNED DEWEY CALL NUMBER (OCLC) | |
| Classification number | DVD |
| Item number | I |
| 245 00 - TITLE STATEMENT | |
| Title | I capture the castle |
| Medium | [videorecording] / |
| Statement of responsibility, etc | Samuel Goldwyn Films ; Distant Horizon, BBC Films present in association with the Isle of Man Film Commission and Baker Street/Take 3 Partnerships ; a Trademark Films/BBC Films production ; produced by David Parfitt ; screenplay by Heidi Thomas ; directed by Tim Fywell. |
| 260 ## - PUBLICATION, DISTRIBUTION, ETC. (IMPRINT) | |
| Place of publication, distribution, etc | Culver City, Calif. : |
| Name of publisher, distributor, etc | Columbia TriStar Home Entertainment, |
| Date of publication, distribution, etc | 2003. |
| 300 ## - PHYSICAL DESCRIPTION | |
| Extent | 1 videodisc (113 min.) : |
| Other physical details | sd., col. ; |
| Dimensions | 4 3/4 in. |
| 538 ## - SYSTEM DETAILS NOTE | |
| System details note | DVD, region 1, full screen or wide screen presentation; Dolby Digital. |
| 546 ## - LANGUAGE NOTE | |
| Language note | Closed-captioned. |
| 511 1# - PARTICIPANT OR PERFORMER NOTE | |
| Participant or performer note | Marc Blucas, Rose Byrne, Sinead Cusack, Tara FitzGerald, Romola Garai, Bill Nighy, Henry Thomas, David Bamber, Henry Cavill. |
| 508 ## - CREATION/PRODUCTION CREDITS NOTE | |
| Creation/production credits note | Director of photography, Richard Greatrex ; editor, Roy Sharman ; music, Dario Marianelli ; costume designer, Charlotte Walter ; production designer, John-Paul Kelly. |
| 500 ## - GENERAL NOTE | |
| General note | Based on the novel by Dodie Smith. |
| 521 8# - TARGET AUDIENCE NOTE | |
| Target audience note | MPAA rating: R; brief nudity. |
| 520 ## - SUMMARY, ETC. | |
| Summary, etc | In a classic English story, Cassandra Mortmain chronicles in her diary what happens to her eccentric family when a young American man inherits the local estate. The bittersweet love story that ensues is far more complicated than she ever imagines. |
| 650 #0 - SUBJECT ADDED ENTRY--TOPICAL TERM | |
| Topical term or geographic name as entry element | Families |
| Form subdivision | Drama. |
| 9 (RLIN) | 5675607 |
| 650 #0 - SUBJECT ADDED ENTRY--TOPICAL TERM | |
| Topical term or geographic name as entry element | Castles |
| Geographic subdivision | England |
| Form subdivision | Drama. |
| 9 (RLIN) | 5859309 |
| 655 #7 - INDEX TERM--GENRE/FORM | |
| Genre/form data or focus term | Bildungsromans. |
| Source of term | gsafd |
| 9 (RLIN) | 102642 |
| 655 #0 - INDEX TERM--GENRE/FORM | |
| Genre/form data or focus term | Feature films. |
| 9 (RLIN) | 5859310 |
| 655 #0 - INDEX TERM--GENRE/FORM | |
| Genre/form data or focus term | Video recordings for the hearing impaired. |
| 9 (RLIN) | 5859311 |
| 650 #0 - SUBJECT ADDED ENTRY--TOPICAL TERM | |
| Topical term or geographic name as entry element | Bildungsromans. |
| Source of heading or term | gsafd |
| 9 (RLIN) | 99712 |
| 700 1# - ADDED ENTRY--PERSONAL NAME | |
| Personal name | Parfitt, David. |
| 9 (RLIN) | 78369 |
| 700 1# - ADDED ENTRY--PERSONAL NAME | |
| Personal name | Thomas, Heidi, |
| Dates associated with a name | 1967- |
| 9 (RLIN) | 5847240 |
| 700 1# - ADDED ENTRY--PERSONAL NAME | |
| Personal name | Fywell, Tim. |
| 9 (RLIN) | 58707 |
| 700 1# - ADDED ENTRY--PERSONAL NAME | |
| Personal name | Blucas, Marc, |
| Dates associated with a name | 1972- |
| 9 (RLIN) | 68324 |
| 700 1# - ADDED ENTRY--PERSONAL NAME | |
| Personal name | Byrne, Rose. |
| 9 (RLIN) | 70377 |
| 700 1# - ADDED ENTRY--PERSONAL NAME | |
| Personal name | Cusack, Sinead. |
| 9 (RLIN) | 31835 |
| 700 1# - ADDED ENTRY--PERSONAL NAME | |
| Personal name | Fitzgerald, Tara, |
| Dates associated with a name | 1968- |
| 9 (RLIN) | 63826 |
| 700 1# - ADDED ENTRY--PERSONAL NAME | |
| Personal name | Garai, Romola, |
| Dates associated with a name | 1982- |
| 9 (RLIN) | 69647 |
| 700 1# - ADDED ENTRY--PERSONAL NAME | |
| Personal name | Nighy, Bill, |
| Dates associated with a name | 1949- |
| 9 (RLIN) | 68577 |
| 700 1# - ADDED ENTRY--PERSONAL NAME | |
| Personal name | Thomas, Henry, |
| Dates associated with a name | 1971- |
| 9 (RLIN) | 61842 |
| 700 1# - ADDED ENTRY--PERSONAL NAME | |
| Personal name | Bamber, David. |
| 9 (RLIN) | 66649 |
| 700 1# - ADDED ENTRY--PERSONAL NAME | |
| Personal name | Cavill, Henry. |
| 9 (RLIN) | 5859312 |
| 700 1# - ADDED ENTRY--PERSONAL NAME | |
| Personal name | Greatrex, Richard. |
| 9 (RLIN) | 71610 |
| 700 1# - ADDED ENTRY--PERSONAL NAME | |
| Personal name | Sharman, Roy. |
| 9 (RLIN) | 5859313 |
| 700 1# - ADDED ENTRY--PERSONAL NAME | |
| Personal name | Marianelli, Dario. |
| 9 (RLIN) | 57589 |
| 700 1# - ADDED ENTRY--PERSONAL NAME | |
| Personal name | Walter, Charlotte. |
| 9 (RLIN) | 5859314 |
| 700 1# - ADDED ENTRY--PERSONAL NAME | |
| Personal name | Kelly, John-Paul. |
| 9 (RLIN) | 5859315 |
| 700 1# - ADDED ENTRY--PERSONAL NAME | |
| Personal name | Smith, Dodie, |
| Dates associated with a name | 1896-1990. |
| 9 (RLIN) | 2047 |
| 710 2# - ADDED ENTRY--CORPORATE NAME | |
| Corporate name or jurisdiction name as entry element | Samuel Goldwyn Films (Firm) |
| 9 (RLIN) | 58717 |
| 710 2# - ADDED ENTRY--CORPORATE NAME | |
| Corporate name or jurisdiction name as entry element | Distant Horizon (Firm) |
| 9 (RLIN) | 67231 |
| 710 2# - ADDED ENTRY--CORPORATE NAME | |
| Corporate name or jurisdiction name as entry element | BBC Films. |
| 9 (RLIN) | 61997 |
| 710 2# - ADDED ENTRY--CORPORATE NAME | |
| Corporate name or jurisdiction name as entry element | Isle of Man Film Commission. |
| 9 (RLIN) | 71756 |
| 710 2# - ADDED ENTRY--CORPORATE NAME | |
| Corporate name or jurisdiction name as entry element | Baker Street/Take 3 Partnerships. |
| 9 (RLIN) | 5859316 |
| 710 2# - ADDED ENTRY--CORPORATE NAME | |
| Corporate name or jurisdiction name as entry element | Trademark Films. |
| 9 (RLIN) | 5767190 |
| 710 2# - ADDED ENTRY--CORPORATE NAME | |
| Corporate name or jurisdiction name as entry element | Columbia TriStar Home Entertainment (Firm) |
| 9 (RLIN) | 66838 |
| 938 ## - | |
| -- | Baker and Taylor |
| -- | BTCP |
| -- | be2003022373 |
| 942 ## - ADDED ENTRY ELEMENTS (KOHA) | |
| Koha item type | DVD |
| 948 ## - LOCAL PROCESSING INFORMATION (OCLC); SERIES PART DESIGNATOR (RLIN) | |
| Series part designator, SPT (RLIN) | 08/16/2010 |
| z (OCLC) | Sirsi |
| 994 ## - | |
| -- | 02 |
| -- | WACOL |
| 996 ## - | |
| -- | 79180 |
| -- | 34301001616756 |
| -- | DVD |
| -- | DVD |
| -- | wcl |
| -- | i |
| -- | 79 |
| -- | 15.95 |
| -- | Amazon.com |
| -- | I cap |
| -- | 08/17/2010 |
| -- | 09/16/2019 |
| -- | 09/09/2019 |
| Withdrawn status | Lost status | Source of classification or shelving scheme | Damaged status | Not for loan | Collection code | Home library | Current library | Shelving location | Date acquired | Source of acquisition | Cost, normal purchase price | Total Checkouts | Total Renewals | Full call number | Barcode | Date last seen | Date checked out | Cost, replacement price | Price effective from | Koha item type |
|---|---|---|---|---|---|---|---|---|---|---|---|---|---|---|---|---|---|---|---|---|
| Dewey Decimal Classification | Movies | Wasatch County Library | Wasatch County Library | Audio Visual Area | 08/17/2010 | Amazon | 15.95 | 80 | 1 | DVD I cap | 34301001616756 | 03/07/2024 | 11/29/2022 | 15.95 | 03/20/2020 | DVD |
